000 00284nam a22001217a 4500
008 190311b xxu||||| |||| 00| 0 eng d
041 _aeng
080 _a043.3
100 _a0
101 _aINI-BA
245 _aEgzekutimi i Trotuarit me Infrastrukture
_cShabani, H
942 _2udc
_cBK
999 _c54696
_d54696